| 000 | 00703nam a22002177a 4500 | ||
|---|---|---|---|
| 008 | 151117b xxu||||| |||| 00| 0 eng d | ||
| 020 | _a9780073336954 (value edition) | ||
| 020 | _a0073336955 (value edition) | ||
| 020 | _a9780073273099 (alk. paper) | ||
| 020 | _a0073273090 (alk. paper) | ||
| 041 | 0 | _aeng | |
| 080 | _a330.101.542 | ||
| 100 | 1 | _aMcConnell, Campbell R. | |
| 245 | 1 | 0 |
_aMicroeconomics : _cCampbell R. McConnell, Stanley L. Brue. |
| 250 | _a17th ed. | ||
| 260 |
_aBoston : _bMcGraw-Hill/Irwin, _cc2008. |
||
| 300 |
_a1 v. (various pagings) : _bme ill. ; _c26 cm. |
||
| 650 | 0 | _aMikroekonomia | |
| 700 | 1 | _aBrue, Stanley L., | |
| 942 |
_2udc _cBK |
||
| 999 |
_c1361 _d1361 |
||